LEADER 01240nam a2200265 i 4500 001 000000011818 003 CaOOAMICUS 005 20220520102533.0 008 180830s1978 it u000 u ita u 040 $aSeMil$bita 100 1 $aRousseau, Jean-Jacques,$d<1712-1778>.$0(OLS)http://semarc/name/1179 240 14$aLes confessions.$0(OLS)http://semarc/title/17522 245 10$aConfessioni /$cJean-Jacques Rousseau ; introduzione di Roberto Guiducci ; traduzione e note di Felice Filippini. 264 1$aMilano :$bBiblioteca Universale Rizzoli,$c1978. 300 $a2 v. ;$c18 cm. 500 $aIn custodia. 650 4$aRousseau, Jean-Jacques <1712-1778> . Confessions.$0(OLS)http://semarc/subject/2203 700 1 $aFilippini, Felice.$0(OLS)http://semarc/name/89814 700 1 $aGuiducci, Roberto <1923->.$0(OLS)http://semarc/name/17359 774 0 $t1.$dMilano : Biblioteca Universale Rizzoli, 1978.$w()258883 774 0 $t2.$dMilano : Biblioteca Universale Rizzoli, 1978.$w()258885 830 0$aBUR ;$v185.$0(OLS)http://semarc/title/440060 996 $6245$aConfessioni$9(OLS)http://semarc/title/927 996 $6264$aMilano :$bBiblioteca Universale Rizzoli$9(OLS)http://semarc/publisher/31907 LEADER 01522nam a2200301 i 4500 001 000000050151 003 CaOOAMICUS 005 20131204000000.0 008 131204s1994 xx u000 u mul u 013 $a21322 020 $a88-13-18719-X 040 $aSeMil$bita 100 1 $aCampanella, Tommaso,$c.$0(OLS)http://semarc/name/89924 245 13$aDe ceremonialibus Iesu Christo observatis ; Theologicorum, liber 20. :$binediti /$cFr. Thomae Campanellae Testo critico e note a cura di Maria Muccillo ; Traduzione di Romano Amerio. 260 $aPadova :$bCEDAM,$cstampa 1994. 300 $a113 p. ;$c24 cm. 490 0 $aEdizione nazionale dei classici del pensiero italiano. Ser. 2 ;$v39 650 4$aGesł Cristo - Simbologia.$0(OLS)http://semarc/subject/454 650 4$aTeologia - Testi - Sec. 17.$0(OLS)http://semarc/subject/2241 700 1 $aAmerio, Romano,$d<1905-1997>.$0(OLS)http://semarc/name/6624 700 1 $aMuccillo, Maria.$0(OLS)http://semarc/name/24839 830 0$aEdizione nazionale dei classici del pensiero italiano. Serie 2. ;$v39.$0(OLS)http://semarc/title/28609 850 $aSeMil 852 $aSeMil$W1$xVenegono$y1$m2N II 286$j16306$B16306$CSeMilBibl$Z2$F16306 $81 961 $aOmaggio: Deposito 996 $6020$a88-13-18719-X$9(OLS)http://semarc/number/23765 996 $6245$aDe ceremonialibus Iesu Christo observatis ; Theologicorum, liber 20. :$binediti$9(OLS)http://semarc/title/76512 996 $6260$aPadova :$bCEDAM$9(OLS)http://semarc/publisher/30274